000 00608nam a22002057a 4500
003 OSt
005 20260218065753.0
008 260218b |||||||| |||| 00| 0 eng d
020 _a971-08-6645-1
040 _aDWCL-Main Lib
_cOC
082 _aProf. 371.3 Z93 2006
100 _aZulueta, Francisco M.
245 _aPrinciples and methods of teaching
260 _aMandaluyong City :
_bNational Book Store,
_cc2006
300 _a391 p. ;
_c22 cm.
504 _a1. Includes bibliographical references.
650 _aEducation - study and teaching.
650 _aTeaching.
942 _2ddc
_cPROF.
_mProf.
_n0
999 _c8437
_d8437